000 00858cab a2200277 4500
001 ABS55700
008 090401t1996 xxu||||| |||| 00| 0 eng d
035 _a(Sirsi) u18159
041 _aeng
100 _aBlake, A.
245 _aPrecision farming
260 _c1996
350 _a0
490 _aFarmers' Weekly
_v125(6) 9 August 1996, 58-59(2)
520 _aConsiders aerial photography, satellite imaging and GPS as aid to farmers wishing to implement precision farming techniques to improve crop yields. Discusses their advantages.
650 _aAERIAL PHOTOGRAPHY
650 _aCROP YIELDS
650 _aGPS
650 _aPRECISION FARMING
650 _aSATELLITE MAPPING
690 _aMANAGEMENT-BUSINESS MANAGEMENT-INFORMATION MANAGEMENT
690 _aRURAL PRACTICE
700 _aDunne, A.
942 _n0
948 _c04/03/1997
999 _c12046
_d12046